LIBRARY ONLINE CATALOGUE

PMP : (Record no. 7187)

MARC details
000 -LEADER
fixed length control field 00727cam a22002172 4500
001 - CONTROL NUMBER
control field 0000006088
005 - DATE AND TIME OF LATEST TRANSACTION
control field 20151217152012.0
008 - FIXED-LENGTH DATA ELEMENTS--GENERAL INFORMATION
fixed length control field 070913s xx 000 0 eng d
020 ## - INTERNATIONAL STANDARD BOOK NUMBER
International Standard Book Number 812650841 :
Terms of availability KES 2,450
040 ## - CATALOGING SOURCE
Original cataloging agency KABU
Transcribing agency KABU
100 1# - MAIN ENTRY--PERSONAL NAME
Personal name Heldman, Kim.
-- 0000157471
245 10 - TITLE STATEMENT
Title PMP :
Remainder of title Project Management Professional; Study guide /
Statement of responsibility, etc. by Kim Heldman; Claudia Baca; Patti Jansen.
260 ## - PUBLICATION, DISTRIBUTION, ETC. (IMPRINT)
Place of publication, distribution, etc. New Delhi :
Name of publisher, distributor, etc. John Wiley,
Date of publication, distribution, etc. 2005.
300 ## - PHYSICAL DESCRIPTION
Extent xIiv, 768 p.
650 #0 - SUBJECT ADDED ENTRY--TOPICAL TERM
Topical term or geographic name as entry element Project management
General subdivision Examination questions, etc.
-- 0000157472
700 1# - ADDED ENTRY--PERSONAL NAME
Personal name Baca, Claudia.
-- 0000157473
700 1# - ADDED ENTRY--PERSONAL NAME
Personal name Jansen, Patti.
-- 0000157474
908 ## - PUT COMMAND PARAMETER (RLIN)
Put command parameter 070913
950 ## - LOCAL HOLDINGS (RLIN)
-- 1
Holdings
Withdrawn status Lost status Source of classification or shelving scheme Not for loan Home library Current library Date acquired Total Checkouts Full call number Barcode Date last seen Date last checked out Price effective from Koha item type
    Library of Congress Classification   Kabarak, Main Campus Kabarak, Main Campus 17/12/2015 1 HD69 .P75H45 2005 004935 02/08/2024 25/10/2016 17/12/2015 General Collection